Madame Doubtfire

Bibliographic Details
Main Author: Fine, Anne
Format: Book
Published: London : Hamish Hamilton , 1987
Subjects:

MARC

LEADER 00000cam a2200000 7i4500
001 0000009274
002 000010104
005 20000330.0
020 |a 0241120012 
090 0 0 |a JF   |b FIN 
100 1 |a Fine, Anne 
245 1 0 |a Madame Doubtfire   |c Anne Fine 
260 |a London :   |b Hamish Hamilton ,   |c 1987 
300 |a 175p. ;   |c 22cm. 
650 0 0 |a Children's stories 
999 |a 0002097   |b BUKU   |c PINJAMAN   |e PERPUSTAKAAN KOMUNITI PETALING JAYA